Quizzes
Events
Quiz Creation
Community
Videos
Private Events
Remove Ads
Sign In
Join for FREE
Feedback
Dark Mode
Quiz Categories
Sports
Geography
Music
Movies
Television
Just For Fun
Miscellaneous
History
Literature
Language
Science
Gaming
Entertainment
Religion
Holiday
For Kids
Quiz Lab
Recent
Popular Today
Quiz Kudos Today
Editor Picks
Curator Picks
Quizzes by...
Day
Popularity
Type
Ratings
Length
Year
Community
Subscriptions
Recent Discussions
Orange Saloon
Badges
Playlists
Quests
Create
Leaderboards
Showdown
Live 5
Trivia Bingo
Activity
Puzzle Library
Sporcle Events
Private Events
Virtual Trivia
Globe League
Become a Host
Pub Owners
SporcleCon
Opinionation
Our Games
Videos
Blog
Mobile Apps
Partnerships
Remove Ads and Go Orange
Feedback
Music
Pop Music
The Beatles
Song
Album
Lyrics
Bands
Singers
Artist
Clip
Rock
Rap
Classical
Billboard
Country Music
Kpop
Taylor Swift
Music
Pop Music
The Beatles
Song
Album
Lyrics
Bands
Singers
Artist
Clip
Rock
Rap
Classical
Billboard
Country Music
Kpop
Taylor Swift
Random Quiz
Search Sporcle
×
Quiz Lab
Quiz Lab
Music
Lyrics
Type in answers that appear in a list
Type in answers that appear in a list
Classic
Best Score? Go Orange.
Bob Marley songs by lyrics Stats
Can you name the Bob Marley songs by lyrics?
By
fredjordan
5m
20 Questions
824 Plays
824 Plays
824 Plays
Comments
Comments
Give Quiz Kudos
Give Quiz Kudos
-
- Ratings
hide this ad
Forced Order
Answers have to be entered in order
Answers have to be entered in order
Replay
Link that replays current quiz
Next Quiz
Link to next quiz in quiz playlist
You Got
0%
They Got
Avg Score
39%
Avg Friend Score
Upgrade to see
Score Distribution
Jump to the score distribution portion of the page
Score
0/20
Timer
05:00
0
Plays Today
Lyrics sample
Song Title
% Correct
Fighting on arrival, fighting for survival
buffalo soldier
79.2%
But I swear it was in selfdefence.
i shot the sheriff
76.6%
Singin' sweet songs, of melodies pure and true
three little birds
75.8%
Have no fear for atomic energy
redemption song
70.6%
Good friends we have, oh, good friends we've lost
no woman no cry
69.1%
We'll share the same room, yeah! Jah provide the bread.
is this love
67.7%
From reality I just can't drift, that's why I'm staying with this riff
easy skanking
46.5%
She had brown sugar all over her booga-
wooga
kinky reggae
36.8%
Your recipe is, -
darlin' -
is so tasty
stir it up
31.2%
We're leaving Babylon
exodus
29.9%
Lyrics sample
Song Title
% Correct
I had to run like a fugitive, to save the life I live.
iron lion zion
29.4%
It's not all that glitters is gold
get up, stand up
25.8%
She'll be laughing when there ain't no joke
pimpers paradise
25.8%
A dreadlock Congo Bongo I.
natty dread
23.7%
No bullet can stop us now, we neither beg nor we won't bow
jamming
22.7%
And then you hold me tight, you make me feel all right.
satisfy my soul
20%
Soon we'll find out who is the real revolutionary
zimbabwe
17.8%
I know I am bound here in captivity
concrete jungle
16.3%
Two thousand years of history could not be wiped away so easily.
zion train
14.9%
Today they say that we are free, only to be chained in poverty
slave driver
13.8%
Quiz Playlist
Details
Report
Send in Message
Add To Playlist
Classic:
Type in answers that appear in a list
Forced Order:
Answers have to be entered in order
Quiz Source
Last Updated: Feb 16, 2017
Quiz Scoreboard
CHALLENGE
Sign Up to Join the Scoreboard
Show All
Scores
Hide
Comments
May contain spoilers
Recently Published
TV Characters by Other Roles V
by ghcgh
Television
5m
Decade Duel: World Leaders
by jenniferyan
History
4m
Alphabetical 'K' Countries by Flag Minefield
by ylime102
Geography
3m
More to Explore
Quiz From the Vault
Featured Blog Post
15 Basketball Trivia Facts You Can Be March Mad About
hide this ad
You Might Also Like...
Tags
Lyrics Quiz
Song Quiz
bob
Bob Marley
Marley
sample
Today's Top Quizzes in Music
Browse Music
hide this ad
Today's Top Quizzes in Lyrics
Browse Lyrics
Top Contributed Quizzes in Music
1
Taylor Swift All Songs (2024)
2
KPOP LOGIC QUIZ
3
Taylor Swift Logic Puzzle
4
Decade Duel: Singer
5
Guess the Taylor Swift song (Mystery Song)
6
A Taylor Swift Logic Puzzle
7
Guess The Taylor Swift Lyrics Song #1
8
kpop group name match up
9
2 word kpop group match
10
K-Pop : 100 Debut Songs (Part 1 of 3)
Explore More
Trending Topics
Anime
Marvel
Kpop
NBA
Crossword
Disney
Harry Potter
Puzzle
NFL
Soccer
The Office
WWE
Pokémon
Country
Song
hide this ad
More By:
fredjordan
Quiz
Plays
Rating
Category
Featured
Created
Bob Marley songs by lyrics
824
5.00
Music
May 26, 2010
World Cup 2010 Key Players by team
258
1.91
Sports
May 17, 2010
Go to Creator's Profile
Score Distribution
Quiz Creator Spotlight
fredjordan
Follow
Send a Message
Quizzes Created
-
Created Quiz Play Count
-
More By This Creator
Popular Quizzes Today
1
Countries of Asia Without Outlines Minefield
2
Find the US States - No Outlines Minefield
3
Pick 6: Fruits
4
The Countries of the World
5
Alphabetical 'K' Countries by Flag Minefield
6
Find the Countries of Europe - No Outlines Minefield
7
US States
8
Find the US States
More Music Quizzes
4 Letter Words in 1990s Songs
Published
Trending Quizzes
Pick 6: Mountains
Pick 6: Harry Potter
Pick 6: Flags
Pick 6: NFL Teams
Pick 6: Movie Franchises
Recently Updated
Adaptations: Name the Title
pecheneg
NWSL Teams
pecheneg
Women's Final Four Teams by Year
bhenderson79
Presidents Quartet II
eogle
Anything But Clue(do)
eogle
Anything But Oceanian Capitals
eogle
Anything But 7
eogle
Anything But Thing
eogle
Word Ladder: February 29
pecheneg
Song Title Questions
pecheneg
Trending Topics
Crossword
Marvel
Kpop
Disney
Harry Potter
Anime
NBA
Pokémon
WWE
Puzzle
Country
Song
The Office
Soccer
NFL
Your Account Isn't Verified!
In order to create a playlist on Sporcle, you need to verify the email address you used during registration. Go to your
Sporcle Settings
to finish the process.
Report this User
Report this user for behavior that violates our
Community Guidelines
.
Details:
Send Report
Go to the Sporcle.com Mobile Site →
Comments